| 000 | 00383cam a2200157ua 4500 | ||
|---|---|---|---|
| 041 |
_aeng _h |
||
| 082 |
_a101 _bBAC/AD |
||
| 100 | _aBacon, Francis . | ||
| 245 |
_aAdvancent of learning / _cFrancis Bacon. _hTextual Documents |
||
| 250 |
_a1 / _b. |
||
| 260 |
_aLondon : _bJ M Dent and Sons Ltd , _c1962. |
||
| 300 | _a246 ; . | ||
| 504 | _a | ||
| 942 | _cBK | ||
| 999 |
_c2403 _d2403 |
||